Literárny exil, Spojené štáty americké

Podrobná bibliografia
Hlavný autor: Cabadaj, Peter, 1966- (Autor)
Médium: Článok
Jazyk:slovenčina
Predmet:

MARC

LEADER 00000nab a2200000 a 4500
001 vtls001448172
003 SK-MaSNL
005 20260303080546.0
008 030123sm y0sloyxo 0 slo
015 |a BIOBB2003/01-00011 
035 |a SNK000403435 
040 |a SNK  |b slo  |c SNK  |e AACR2 
041 0 |a slo 
044 |a xo  |c SK 
100 1 |a Cabadaj, Peter,  |d 1966-   |4 aut  |9 98153 
245 1 0 |a Literárny exil, Spojené štáty americké  |c Peter Cabadaj 
655 7 |a články zo zborníkov  |2 SNK  |9 166140 
774 0 |w SK01SNK20020396631  |z ISBN 80-7090-647-2  |t Slovenský literárny exil 1939-1990  |d Martin : Matica slovenská, 2002  |g S.20-30 
850 |a Slovenská národná knižnica v Martine 
999 |c 1780988  |d 1782918